Православный Палестинский сборник (Запись № 5183708)

Подробности
000 -МАРКЕР
контрольное поле 01432nas1a22002771i 4500
001 - ИДЕНТИФИКАТОР ЗАПИСИ
контрольное поле v19\rc\1231292
005 - ИДЕНТИФИКАТОР ВЕРСИИ
контрольное поле 20260407130154.0
035 ## - ДРУГИЕ СИСТЕМНЫЕ НОМЕРА
Идентификатор записи (NLR Aleph) 005187987
100 ## - ДАННЫЕ ОБЩЕЙ ОБРАБОТКИ
Данные общей обработки 20060306c18811916u||y0rusy50 ca
101 0# - ЯЗЫК РЕСУРСА
Язык текста, звукозаписи и т.д. русский
102 ## - СТРАНА ПУБЛИКАЦИИ ИЛИ ПРОИЗВОДСТВА
Страна публикации российская федерация
105 ## - ПОЛЕ КОДИРОВАННЫХ ДАННЫХ: ТЕКСТОВЫЕ МАТЕРИАЛЫ, МОНОГРАФИЧЕСКИЕ
Кодированные данные о монографическом текстовом документе y z |||||
200 1# - ЗАГЛАВИЕ И СВЕДЕНИЯ ОБ ОТВЕТСТВЕННОСТИ
Основное заглавие Православный Палестинский сборник
Первые сведения об ответственности изд. Императ. Православ. Палест. о-ва
210 ## - ПУБЛИКАЦИЯ, РАСПРОСТРАНЕНИЕ И ДР.
Место издания, распространения и т.д. С.-Петербург
Имя издателя, распространителя и т. д. Православное Палестинское общество
Дата издания, распространения и т.д. 1881-1916
Имя изготовителя Типография В. Киршбаума
300 ## - ОБЩИЕ ПРИМЕЧАНИЯ
Текст примечания Загл. вып. 1 (63) (1954) - 30 (93) (1990): Палестинский сборник
517 1# - ДРУГИЕ ВАРИАНТЫ ЗАГЛАВИЯ
Вариант заглавия Палестинский сборник
Язык заглавия русский
711 02 - НАИМЕНОВАНИЕ ОРГАНИЗАЦИИ - АЛЬТЕРНАТИВНАЯ ОТВЕТСТВЕННОСТЬ
Код отношения Издатель
Начальный элемент ввода Императорское православное Палестинское общество
Идентифицирующий признак Петербург
Идентификатор авторитетной/нормативной записи RU\NLR\AUTH\889974456
Системный номер авторитетной/нормативной записи 445811
801 #0 - ИСТОЧНИК ЗАПИСИ
Страна российская федерация
Организация NLR
Правила каталогизации psbo
801 #1 - ИСТОЧНИК ЗАПИСИ
Страна российская федерация
Организация ProSoft-M
Источник данных rusmarc
801 #2 - ИСТОЧНИК ЗАПИСИ
Страна российская федерация
Организация NLR
Дата составления 20060320
Источник данных rusmarc
830 ## - ОБЩЕЕ ПРИМЕЧАНИЕ, СОСТАВЛЕННОЕ КАТАЛОГИЗАТОРОМ
Текст примечания Полный перечень имеющихся в библиотеке томов, номеров, годов этого издания смотри в каталоге периодических изданий
-- В книжном фонде имеется:
852 ## - МЕСТОНАХОЖДЕНИЕ И ШИФР ХРАНЕНИЯ
Идентификатор организации NLR
Шифр хранения (Call Number) 18.311.1.9
852 ## - МЕСТОНАХОЖДЕНИЕ И ШИФР ХРАНЕНИЯ
Идентификатор организации NLR
Шифр хранения (Call Number) 132/3733
852 ## - МЕСТОНАХОЖДЕНИЕ И ШИФР ХРАНЕНИЯ
Идентификатор организации NLR
Шифр хранения (Call Number) +Шифры разные
942 ## - ДОПОЛНИТЕЛЬНЫЕ ЭЛЕМЕНТЫ ЗАПИСИ (АБИС)
Тип экземпляра АБИС Продолжающееся издание

Нет доступных экземпляров.